LIBRARY ONLINE CATALOGUE

Theology through preaching : (Record no. 8808)

MARC details
000 -LEADER
fixed length control field 00608nam a22002052 4500
001 - CONTROL NUMBER
control field 0000019082
005 - DATE AND TIME OF LATEST TRANSACTION
control field 20151217152144.0
008 - FIXED-LENGTH DATA ELEMENTS--GENERAL INFORMATION
fixed length control field 100908s xx 000 0 eng d
020 ## - INTERNATIONAL STANDARD BOOK NUMBER
International Standard Book Number 0567082792 :
040 ## - CATALOGING SOURCE
Original cataloging agency KSABU
Transcribing agency KABU
100 1# - MAIN ENTRY--PERSONAL NAME
Personal name Gunton, Colin E.
-- 0000149383
245 10 - TITLE STATEMENT
Title Theology through preaching :
Remainder of title sermons for Brentwood /
Statement of responsibility, etc. Colin E. Gunton.
250 ## - EDITION STATEMENT
Edition statement 1st ed.
260 ## - PUBLICATION, DISTRIBUTION, ETC. (IMPRINT)
Place of publication, distribution, etc. London :
Name of publisher, distributor, etc. T & T Clark,
Date of publication, distribution, etc. 2005.
300 ## - PHYSICAL DESCRIPTION
Extent ix, 214 p.
650 #0 - SUBJECT ADDED ENTRY--TOPICAL TERM
Topical term or geographic name as entry element Sermons, English.
-- 0000178694
852 1# - LOCATION
-- p300 KES
908 ## - PUT COMMAND PARAMETER (RLIN)
Put command parameter 100908
950 ## - LOCAL HOLDINGS (RLIN)
-- 1
Holdings
Withdrawn status Lost status Source of classification or shelving scheme Not for loan Home library Current library Date acquired Total Checkouts Full call number Barcode Date last seen Price effective from Koha item type
    Library of Congress Classification   Kabarak, Main Campus Kabarak, Main Campus 17/12/2015   BX9890 .U256G86 2005 c. 1 23957 17/12/2015 17/12/2015 General Collection